000 00708nam a22002777a 4500
001 0165
003 DO-SdBNP
005 20160314093126.0
007 0165
008 151005b 200 1962 xxu 00| 0 spa d
040 _aBPMSU
_bspa
_cBPMSU
092 _aXXXX
_bXXXX
100 1 _aBergamini, David
245 1 4 _aThe universe /
_cDavid Bergamini, editors of Life
260 _aNew York :
_bTime,
_c1962.
300 _a192 p :
_bil., retrs.
_c28 cm.
490 1 _aLife nature library
500 _aIncluye índice
500 _aIncluye glosario y tablas
504 _aBibliografia p: 188
710 _aLife
830 0 _aLife nature library
910 _a144
942 _2ddc
_cBK
956 _aYngrid Lockward
999 _c9204
_d9204